Statistics for All of Dale Earnhardt's Wins

Click here to take the quiz!

General Stats

  • This quiz has been taken 23 times
  • The average score is 36 of 76

Answer Stats

#YearRaceAnswer% Correct
91983Talladega 500Alabama International Motor Speedway
82%
101984Talladega 500Alabama International Motor Speedway
82%
21980Atlanta 500Atlanta International Raceway
82%
111984Atlanta Journal 500Atlanta International Raceway
82%
181986Coca-Cola 600Charlotte Motor Speedway
82%
711998Daytona 500Daytona International Speedway
82%
41980Busch Nashville 420Nashville Speedway
82%
391989Atlanta Journal 500Atlanta International Raceway
73%
201986Atlanta Journal 500Atlanta International Raceway
73%
11979Southeastern 500Bristol International Speedway
73%
551993Coca-Cola 600Charlotte Motor Speedway
73%
531992Coca-Cola 600Charlotte Motor Speedway
73%
51980Old Dominion 500Martinsville Speedway
73%
81983Busch Nashville 420Nashville Speedway
73%
762000Winston 500Talladega Superspeedway
73%
752000Cracker Barrel Old Country Store 500Atlanta Motor Speedway
64%
611994Food City 500Bristol International Raceway
64%
301987Southern 500Darlington Raceway
64%
661995Brickyard 400Indianapolis Motor Speedway
64%
741999Winston 500Talladega Superspeedway
64%
421990Winston 500Talladega Superspeedway
64%
31980Valleydale Southeastern 500Bristol International Speedway
55%
131985Valleydale 500Bristol International Speedway
55%
161986TranSouth 500Darlington Raceway
55%
371989Heinz Southern 500Darlington Raceway
55%
461990Heinz Southern 500Darlington Raceway
55%
71982CRC Chemicals Rebel 500Darlington Raceway
55%
231987TranSouth 500Darlington Raceway
55%
441990Pepsi 400Daytona International Speedway
55%
571993Pepsi 400Daytona International Speedway
55%
521991Tyson Holly Farms 400North Wilkesboro Speedway
55%
651995Save Mart Supermarkets 300Sears Point Raceway
55%
451990DieHard 500Talladega Superspeedway
55%
591993Die Hard 500Talladega Superspeedway
55%
341988Busch 500Bristol International Speedway
45%
251987Valleydale Meats 500Bristol International Speedway
45%
731999Goody's Headache Powder 500Bristol Motor Speedway
45%
411990TranSouth 500Darlington Raceway
45%
541993TranSouth 500Darlington Raceway
45%
601994TranSouth Financial 400Darlington Raceway
45%
671995Goody's 500Martinsville Speedway
45%
121985Miller High Life 400Richmond Fairgrounds Raceway
45%
511991DieHard 500Talladega Superspeedway
45%
621994Winston Select 500Talladega Superspeedway
45%
721999DieHard 500Talladega Superspeedway
45%
681995NAPA 500Atlanta Motor Speedway
36%
291987Busch 500Bristol International Speedway
36%
141985Busch 500Bristol International Speedway
36%
61980National 500Charlotte Motor Speedway
36%
151985Goody's 500Martinsville Speedway
36%
501991Hanes 500Martinsville Speedway
36%
431990Miller Genuine Draft 400Michigan International Speedway
36%
211987Goodwrench 500North Carolina Motor Speedway
36%
241987First Union 400North Wilkesboro Speedway
36%
171986First Union 400North Wilkesboro Speedway
36%
351989First Union 400North Wilkesboro Speedway
36%
641995First Union 400North Wilkesboro Speedway
36%
321988Motorcraft Quality Parts 500Atlanta International Raceway
27%
401990Motorcraft Quality Parts 500Atlanta International Raceway
27%
191986Oakwood Homes 500Charlotte Motor Speedway
27%
381989Peak Performance 500Dover Downs International Speedway
27%
331988Pannill Sweatshirts 500Martinsville Speedway
27%
261987Sovran Bank 500Martinsville Speedway
27%
631994AC-Delco 500North Carolina Motor Speedway
27%
691996Goodwrench Service 400North Carolina Motor Speedway
27%
481990Checker 500Phoenix International Raceway
27%
221987Miller High Life 400Richmond Fairgrounds Raceway
27%
311987Wrangler Jeans Indigo 400Richmond Fairgrounds Raceway
27%
491991Pontiac Excitement 400Richmond International Raceway
27%
471990Miller Genuine Draft 400Richmond International Raceway
27%
701996Purolator 500Atlanta Motor Speedway
18%
561993Budweiser 500Dover Downs International Speedway
18%
361989Budweiser 500Dover Downs International Speedway
18%
271987Miller American 400Michigan International Speedway
18%
281987Summer 500Pocono International Raceway
18%
581993Miller Genuine Draft 500Pocono International Raceway
18%

Score Distribution

Percentile by Number Answered

Percent of People with Each Score

Your Score History

You have not taken this quiz